Barman to zawód, w którym wysłuchuje się historii życia innych ludzi. - Statystyki

Ogólne statystyki
  • Ten quiz został rozwiązany 10 razy
  • Średni wynik to 1 z 6
Statystyki odpowiedzi
Odpowiedź % Poprawnych
Psycholog
71%
Fryzjer
29%
Kosmetyczka
14%
Taksówkarz
14%
Adwokat
0%
Juror
0%
Nie znaleziono quizów pasujących do podanych kryteriów
Rozkład punktacji
Procent ludzi z każdym wynikiem
Percentyl według liczby udzielonych odpowiedzi
Twoja historia wyników
Nie rozwiązałeś tego quizu